000 00612nam a2200169Ia 4500
003 GCL
008 140319s9999 xx 000 0 ara d
040 _aGCL /
_cGCL
082 0 4 _a913.09
_bم ا
100 1 _aمحمد مؤنس احمد عوض
245 1 0 _aالجفرافيون والرحالة المسلمون فى بلاد الشام زمن الحروب الصليبية /
_cمحمد مؤنس احمد عوض
300 _a337 ص
490 _aالهيئة العامة للاستعلامات
_v0
650 0 4 _aالحروب الصليبية
650 0 4 _aالكشوف الجغرافية
942 _2ddc
_cBK
999 _c49343
_d49343